000 01234cam a2200349 a 4500
001 2489
003 FISKH
005 20240131111412.0
008 990309s1999 nyua c 000 1 eng
010 _a 99014751
020 _a0060283130 (lib. bdg.)
020 _a0064407675 (pbk.)
020 _a9780064407670
040 _aDLC
_cDLC
_dDLC
_beng
042 _alcac
050 0 0 _aPZ7.S6795
_bRe 1999
082 0 0 _a[Fic]
_221
100 1 _aSnicket, Lemony.
245 1 4 _aThe reptile room /
_cby Lemony Snicket ; illustrations by Brett Helquist.
250 _aFirst Scholastic printing, October 2000
260 _aNew York :
_bScholastic,
_c1999
300 _a190 pages :
_billustrations ;
_c20 cm
490 1 _aA series of unfortunate events ;
_vBook 2
520 _aAfter narrowly escaping the menacing clutches of the dastardly Count Olaf, the three Baudelaire orphans are taken in by a kindly herpetologist with whom they live happily for an all-too-brief time.
521 8 _a1040
_bLexile
650 1 _aOrphans
_vFiction.
650 1 _aSiblings
_vFiction.
650 1 _aHumorous stories.
700 1 _aHelquist, Brett,
_eillustrator
906 _a7
_bcbc
_corignew
_d1
_eocip
_f19
_gy-gencatlg
942 _2ddc
_cBK
_n0
999 _c2489
_d2489